| 000 | 00854nam a22002057a 4500 | ||
|---|---|---|---|
| 999 |
_c13266 _d13266 |
||
| 003 | AR-CdUCM | ||
| 008 | 190411b ||||| |||| 00| 0 spa d | ||
| 040 |
_aMUNICIPALIDAD PROVINCIAL DEL CUSCO _cBIBLIOTECA MUNICIPAL DEL CUSCO |
||
| 082 |
_a355.133 / _bM61 / 1949 |
||
| 110 |
_aMinisterio de Guerra _931588 |
||
| 245 | _aDecreto Ley del servicio militar obligatorio N° 10967 y su reglamentación / | ||
| 260 |
_aLima : _bMinisterio de Guerra, _c1949. |
||
| 300 |
_a96 páginas ; _c21 cm. |
||
| 505 | _aContenido: Del servicio militar obligatorio -- Del servicio en el ejercito, marina y aeronáutica -- De la inscripción -- De los registros de inscripción militar -- Cambios de residencia ... | ||
| 650 |
_aJusticia militar _931589 |
||
| 650 |
_aServicio militar _931590 |
||
| 650 |
_aPerú _935 |
||
| 942 |
_2ddc _cLIBROS |
||
| 945 |
_aacv _d2019-04-11 |
||